000 01751cam a22004577a 4500
003 CHAP
005 20250515062729.0
008 040416s2004 mx a r 00010 spa d
010 _a88220
011 _a89192
035 _a99743
040 _cCHAP
090 _aTesis
100 0 0 _aPérez Victoriano, Agustín.
_990089
245 1 0 _aRentabilidad financiera del maíz cacahuacintle del valle de Toluca
_c/por Agustín Pérez Victorino y Maurilio Valdivia Cervantes
260 _aChapingo, Méx. :
_bEl autor,
_c2004.
300 _a69 h. :
_bilus.; mapas.; cuadros.
502 _aTesis (Lic. en Economía Agrícola) -- UACH. División de Ciencias Económico Administrativas
530 _aTambién disponible en línea
590 _aALEPH
_b10
_c20130110
_lUCH01
_h1456
590 _aBATCH-UPD
_b10
_c20130110
_lUCH01
_h0454
590 _aBATCH-UPD
_b10
_c20130110
_lUCH01
_h2158
590 _aBATCH-UPD
_b10
_c20130410
_lUCH01
_h0132
590 _aBATCH-UPD
_b10
_c20130914
_lUCH01
_h1747
590 _aBATCH-UPD
_b10
_c20140324
_lUCH01
_h1442
590 _aBATCH-UPD
_b10
_c20141002
_lUCH01
_h0820
590 _aCONVERSION
_b10
_c20130109
_lUCH01
_h1349
650 1 4 _aMaíz cacahuacintle.
_971105
650 1 4 _aMaíz
_xAspectos económicos.
_970865
650 1 7 _aMaíz
_xCostos de producción
_2
_970915
650 1 4 _aMaíz
_xPrecios.
_971039
650 1 4 _aMaíz
_xRendimiento.
_971051
650 1 4 _aOrganización de productores.
_983544
700 0 _aValdivia Cervantes, Maurilio.
_9117312
856 _3Finding aid
_uhttp://10.13.5.2/tesis/99743.pdf
_zTeclea aqui
901 _aBK
905 _aElisama
942 _cFOLL
949 _aTesis
_bBC
_cTES
_d33724000922647
_eTS2
_fc.2
_h41643
_i99743
_si
949 _aTesis
_bBC
_cTES
_d99743
_eTS1
_h41642
_i99743
_sb
999 _c88220
_d88220